01485nam a22002177a 4500003000400000005001700004008004100021020001800062040001300080082001600093100002500109245003600134260006500170300004500235500079400280650004401074650005701118650002301175700003301198700003601231OSt20230724153905.0230724b ||||| |||| 00| 0 spa d a9789584880345 cCO-MqBPB a305.4 bV47 aLópez, Ada.eAutor aVisión mujeres /cAda López aBogotá : bGrupo Editarte, Fundación Sara Díaz,c2019. a94 páginas ; bTapa Rústica,c20 cm. aEste libro se escribió con la intención de acercar a todas las personas a los aspectos más esenciales que tiene lugar cuando se habla de estudios de género y feminismo. En Visión mujeres, se tratan temas como la importancia de hacer pedagogía de género, avances históricos, las diferentes olas del feminismo, cómo el machismo afecta también a los hombres, la obtención de derechos civiles como el voto, legislación sobre derechos reproductivos y el acceso de las mujeres a la educación superior. También se aclaran conceptos como sexo, género, identidad de género, orientación sexual, transexual, polisexual, pansexual, cisgénero y queer, así como los términos mismos de machismo y feminismo, de los cuales suelen tenerse ideas bastante imprecisas.  aColombia Estudios de géneroxMujeres  aColombia Identidad de géneroxDerechos de la mujer aAspectos sociales  a Díaz, Cristina. eCoautor a Morales, Ana Lucero. eCoautor